000 00703cam a2200205 4500
001 WB3734-10
008 010912n2001 000 0 eng u
035 _a(Sirsi) u114544
245 _aInternet hotel malaise
260 _c2001
490 _aProperty Week
_v66(36) 7 September 2001, 7(1)
520 _aA growing number of internet hotels and data centres are returning to the market as warehouses. Specialist internet hotel agents put the problems in the sector down to oversupply.
590 _aWB
650 _aINTERNET HOTELS
650 _aDATA CENTRES
650 _aWAREHOUSES
650 _aOPERATORS
690 _aPROPERTY-COMMERCIAL PROPERTY-COMMERCIAL PROPERTY MARKET
942 _n0
999 _c68247
_d68247